के.वी.एस/एन.वी.एस ई एम आर एस/यू.पीएल टी ग्रेड/ (Record no. 215330)

MARC details
000 -LEADER
fixed length control field 00958nam a22001817a 4500
005 - DATE AND TIME OF LATEST TRANSACTION
control field 20260306140400.0
010 ## - LCCN (DPL NO)
LC control number BACHN26
020 ## - INTERNATIONAL STANDARD BOOK NUMBER
International Standard Book Number 9789373596969
Terms of availability 699.00
037 ## - SOURCE OF ACQUISITION
Source of stock number/acquisition एस चाँद एंड कंपनी लिमिटेड
082 ## - DEWEY DECIMAL CLASSIFICATION NUMBER
Classification number 000
100 ## - MAIN ENTRY--PERSONAL NAME
Personal name विद्वान, रोहित
245 ## - TITLE STATEMENT
Title के.वी.एस/एन.वी.एस ई एम आर एस/यू.पीएल टी ग्रेड/
Statement of responsibility, etc रोहित विद्वान
260 ## - PUBLICATION, DISTRIBUTION, ETC. (IMPRINT)
Place of publication, distribution, etc उत्तर प्रदेश
Name of publisher, distributor, etc एस चाँद एंड कंपनी लिमिटेड
Date of publication, distribution, etc 2026
270 ## - ADDRESS
Address डी-92, सेक्टर-02,नॉएडा
City उत्तर प्रदेश
Telephone number 91-120-4682700
300 ## - PHYSICAL DESCRIPTION
Extent 489पृ.
Dimensions 24सेमी(अजिल्द)
500 ## - GENERAL NOTE
General note टियर-II सब्जेक्टिव+ऑब्जेक्टिव
942 ## - ADDED ENTRY ELEMENTS (KOHA)
Source of classification or shelving scheme Dewey Decimal Classification
Item type Hindi Books
Classification part 000
Call number suffix विद्वान

No items available.


© Delhi Public Library
Hit Counter
free hit counter